La materia orgánica en los agrosistemas
שמור ב:
| מחבר ראשי: | |
|---|---|
| פורמט: | ספר |
| שפה: | ספרדית |
| יצא לאור: |
Madrid
Mundi Prensa
1996
|
| נושאים: | |
| תגים: |
הוספת תג
אין תגיות, היה/י הראשונ/ה לתייג את הרשומה!
|
MARC
| LEADER | 00000nam a2200000 a 4500 | ||
|---|---|---|---|
| 001 | UCP5540 | ||
| 003 | CL-VaPUC | ||
| 008 | 990927e19960000SP |||||||||||||||||spa|d | ||
| 082 | 0 | 4 | |a 631.42 |b LAB |2 21 |
| 100 | |a Labrador Moreno, Juana |e author |9 470937 | ||
| 245 | 1 | 3 | |a La materia orgánica en los agrosistemas |
| 300 | |a 174 p | ||
| 942 | |c BK | ||
| 945 | |d 19990927 00:00:00 |a vberengu | ||
| 260 | |a Madrid |b Mundi Prensa |c 1996 | ||
| 650 | 7 | |a BIODEGRADACION |2 CL-VaPUC |9 323969 | |
| 650 | 0 | |a Materia orgánica |9 348286 | |
| 650 | 7 | |a COMPUESTOS ORGANICOS |2 CL-VaPUC |9 306788 | |
| 650 | 7 | |a RESIDUOS ORGANICOS |2 CL-VaPUC |9 264500 | |
| 583 | |a last modification |c 19990927 00:00:00 |k Rodrigo Vera | ||
| 999 | |c 283280 |d 283278 | ||
| 952 | |0 0 |1 0 |4 0 |6 631_420000000000000_LAB_1996 |7 0 |8 A |9 326225 |a BIBAGR |b BIBAGR |d 2019-11-20 |i 3549801 |o 631.42 LAB 1996 |p 3549801 |r 2025-01-20 |w 2019-11-20 |y BK |k AGR | ||
| 952 | |0 0 |1 0 |4 0 |6 631_420000000000000_LAB_1996 |7 0 |8 A |9 326226 |a BIBAGR |b BIBAGR |d 2019-11-20 |i 354981K |o 631.42 LAB 1996 |p 354981K |r 2025-01-20 |w 2019-11-20 |y BK |k AGR | ||
| 952 | |0 0 |1 0 |4 0 |6 631_420000000000000_LAB_1996 |7 0 |8 A |9 326227 |a BIBAGR |b BIBAGR |d 2019-11-20 |i 3555461 |l 2 |o 631.42 LAB 1996 |p 3555461 |r 2025-01-20 |s 2022-08-26 |w 2019-11-20 |y BK |k AGR | ||